000 00287nam a2200121Ia 4500
008 190802s9999 xx 000 0 und d
020 _a978-0-375-42745-0
100 _aRob Franck
245 0 _aC racking the GMAT
260 _aNew York
_bPearson
_c2018
300 _a549:P
942 _cBK
999 _c2152
_d2152